Wellness skill Development and women Empowerment : (Record no. 171415)

MARC details
000 -LEADER
fixed length control field 00599nam a2200169 4500
005 - DATE AND TIME OF LATEST TRANSACTION
control field 20200113125526.0
010 ## - LCCN (DPL NO)
LC control number ENG-127358
020 ## - INTERNATIONAL STANDARD BOOK NUMBER
International Standard Book Number 9788193838280
Terms of availability 395.00
035 ## - SYSTEM CONTROL NUMBER
System control number EN-110890
037 ## - SOURCE OF ACQUISITION
Source of stock number/acquisition DBAD/PUB
082 ## - DEWEY DECIMAL CLASSIFICATION NUMBER
Classification number 305.420.954
245 ## - TITLE STATEMENT
Title Wellness skill Development and women Empowerment :
Statement of responsibility, etc edited by T.Gopinath [and] Sindhu k.k
Remainder of title /
260 ## - PUBLICATION, DISTRIBUTION, ETC. (IMPRINT)
Place of publication, distribution, etc Delhi
Name of publisher, distributor, etc Shipra Publications
Date of publication, distribution, etc 2019
270 ## - ADDRESS
Address LG 18-19,Pankaj central Market IP Ext.,Patpargani
City Delhi
Postal code 110092
Electronic mail address info@shiprapublication.com
300 ## - PHYSICAL DESCRIPTION
Extent 159p.
Dimensions 23cm(pbk)
942 ## - ADDED ENTRY ELEMENTS (KOHA)
Source of classification or shelving scheme Dewey Decimal Classification
Item type English Books
Classification part 305.420.954
Call number suffix WEL
Holdings
Withdrawn status Lost status Not for loan Collection code Home library Current library Date acquired Source of acquisition Cost, normal purchase price Full call number Barcode Copy number Cost, replacement price Koha item type
      Non-fiction Sarojini Nagar Sarojini Nagar 13/01/2020 DBAD/PUB 395.00 305.420.954 WEL EN-110890 1 395.00 English Books

© Delhi Public Library
Hit Counter
free hit counter